Logo BPK

Biblioteka

Politechniki Koszalińskiej

Panie Przewodniczący, Panie, Panowie ... : (Rekord nr 37290)

Szczegóły MARC
000 -ETYKIETA REKORDU
podpole kontrolne o stałej długości 01070nam a2200277 i 4500
001 - NUMER KONTROLNY REKORDU
pole kontrolne bg
020 ## - MIĘDZYNARODOWY ZNORMALIZOWANY NUMER KSIĄŻKI - ISBN
ISBN 8370851428
040 ## - ŹRÓDŁO KATALOGOWANIA
Instytucja, która utworzyła rekord BPK
041 1# - KOD JĘZYKA
Kod języka tekstu pl
Kod języka oryginału en
080 ## - UNIWERSALNA KLASYFIKACJA DZIESIĘTNA - UKD
UKD 808.5:316.47:159.9:372.64/.69](083.1)
920 ## - Międzynarodowy znormalizowany numer książki – ISBN
ISBN 83-7085-142-8
008 - POLE O STAŁEJ DŁUGOŚCI - DANE KONTROLNE
podpole kontrolne o stałej długości s pl f |000 0 pol
100 1# - NAZWA OSOBOWA
Nazwa osobowa KENNY, Peter.
245 10 - TYTUŁ/ODPOWIEDZIALNOŚĆ
Tytuł Panie Przewodniczący, Panie, Panowie ... :
Ciąg dalszy tytułu przewodnik po sztuce i technice wystąpień publicznych ułożony specjalnie dla inżynierow i pracowników nauki /
Pozostałe elementy strefy tytułu i oznaczenia odpowiedzialności Peter Kenny ; w tł. [z ang.] Krzysztofa Pigonia.
246 ## - WARIANT TYTUŁU
Treść wyrażenia wprowadzającego Tyt. oryg.:
Tytuł A handbook of public speaking for scientists and engineers
260 ## - STREFA ADRESU WYDAWNICZEGO
Miejsce wydania Wrocław :
Nazwa wydawcy/dystrybutora Oficyna Wydawnicza Politechniki Wrocławskiej,
Data publikacji, dystrybucji/powstania dokumentu 1995.
300 ## - STREFA OPISU FIZYCZNEGO
Objętość 215 s. ;
Rozmiary 21 cm.
500 ## - UWAGI OGÓLNE
Tekst uwagi Oryg. : "A handbook of public speaking for scientists and engineers" 1982.
504 ## - UWAGA DOTYCZĄCA BIBLIOGRAFII
Informacje o bibliografii Indeks.
650 #9 - HASŁO PRZEDMIOTOWE W FORMIE NAZWY OGÓLNEJ LUB JEDNOSTKOWEJ
Nazwa ogólna lub geograficzna Nauka
Określnik ogólny zjazdy i konferencje
650 #9 - HASŁO PRZEDMIOTOWE W FORMIE NAZWY OGÓLNEJ LUB JEDNOSTKOWEJ
Nazwa ogólna lub geograficzna Pomoce naukowe
Określnik ogólny stosowanie
650 #9 - HASŁO PRZEDMIOTOWE W FORMIE NAZWY OGÓLNEJ LUB JEDNOSTKOWEJ
Nazwa ogólna lub geograficzna Retoryka
Określnik ogólny zagadnienia
650 #9 - HASŁO PRZEDMIOTOWE W FORMIE NAZWY OGÓLNEJ LUB JEDNOSTKOWEJ
Nazwa ogólna lub geograficzna Technika
Określnik ogólny zjazdy i konferencje
655 ## - TERMIN INDEKSOWY - OKREŚLENIE RODZAJU/FORMY DOKUMENTU
Określenie rodzaju/formy dokumentu Poradniki
856 ## - LOKALIZACJA I DOSTĘP DO ELEKTRONICZNYCH DOKUMENTÓW ZDALNYCH
Link (URL) http://koha.tu.koszalin.pl/cgi-bin/koha/opac-detail.pl?biblionumber=37290
Tekst linku Katalog online BPK
942 ## - DODATKOWE ELEMENTY (KOHA)
Typ dokumentu Książka
Egzemplarze
Wycofany Status egzemplarza Uszkodzony Dostępność Lokalizacja stała Lokalizacja bieżąca Miejsce przechowywania Sygnatura Kod kreskowy Typ dokumentu Dział
      Dostępny Biblioteka Politechniki Koszalińskiej Biblioteka Politechniki Koszalińskiej Wypożyczalnia BG 53330 01498196 Książka  
      Tylko na miejscu Biblioteka Politechniki Koszalińskiej Biblioteka Politechniki Koszalińskiej Czytelnia Wydziałowa ul. Kwiatkowskiego 6e 53331 01498189 Książka 659 Reklama. Public relations
      Dostępny Biblioteka Politechniki Koszalińskiej Biblioteka Politechniki Koszalińskiej Wypożyczalnia BG 53332 01498172 Książka  
      Dostępny Biblioteka Politechniki Koszalińskiej Biblioteka Politechniki Koszalińskiej Wypożyczalnia BG 53333 01498165 Książka  
© 2023 Biblioteka Politechniki Koszalińskiej :: KOHA